Macroeconomics (Record no. 5741)

MARC details
005 - DATE AND TIME OF LATEST TRANSACTION
control field 20250627160959.0
020 ## - INTERNATIONAL STANDARD BOOK NUMBER
International Standard Book Number 0-07-282340-2
082 ## - DEWEY DECIMAL CLASSIFICATION NUMBER
Classification number 339.DOR
100 ## - MAIN ENTRY--PERSONAL NAME
Author name DORNBUSCH, R
245 ## - TITLE STATEMENT
Title Macroeconomics
250 ## - EDITION STATEMENT
Edition statement 9th Ed.
260 ## - PUBLICATION, DISTRIBUTION, ETC.
Place of publication, distribution, etc. New York,
Name of publisher, distributor, etc. M
Date of publication, distribution, etc. 2004
300 ## - PHYSICAL DESCRIPTION
Extent 593p.;ill.; figure
Other physical details Glossary & Index
Dimensions 23cm
942 ## - ADDED ENTRY ELEMENTS (KOHA)
Source of classification or shelving scheme Dewey Decimal Classification
Koha item type Books
Holdings
Date last seen Total checkouts Full call number Barcode Cost, replacement price Price effective from Koha item type Lost status Source of classification or shelving scheme Damaged status Not for loan Withdrawn status Home library Current library Shelving location Date acquired Cost, normal purchase price
06/27/2025   339 DOR DOM0003434 135000.00 06/27/2025 Books   Dewey Decimal Classification       CBE Dodoma CBE Dodoma General Collection 06/02/2015 45000.00